Kommunikation an der Grenze der Konfessionen : Der Stuttgarter Una Sancta-Kreis 1940-1972 /
Die Mitte der 1950er Jahre einsetzende Erosion des katholischen Milieus ist eng verbunden mit dem Wandel konfessioneller Identitäten und deren kommunikativer Vermittlung. In der ökumenischen Interaktion eröffnete sich ein Diskursraum, in dem das katholische Selbst- und Konfessionsverständnis neu aus...
Main Author:
Format: eBook
Language:
English
German
Published:
Paderborn :
Ferdinand Schöningh, Brill Deutschland,
2026.
Series:
Schöningh and Fink History Early Modern and Modern History E-Books Online, Collection 2026.
Veröffentlichungen der Kommission für Zeitgeschichte, Reihe B: Forschungen ;
149.
Subjects:
Online Access: Login to view Source
Tags: Add Tag
Call Number: BT77
| LEADER | 02964nam a22004578i 4500 | ||
|---|---|---|---|
| 001 | BRILL9783657798131 | ||
| 003 | nllekb | ||
| 005 | 20260324115026.0 | ||
| 006 | m d | ||
| 007 | cr un uuuua | ||
| 008 | 251016s2026 gw sb 001 0 eng d | ||
| 020 | |a 9783657798131 |q (electronic book) | ||
| 020 | |z 9783506798138 |q (print) | ||
| 024 | 7 | |a 10.30965/9783657798131 |2 DOI | |
| 040 | |a NL-LeKB |c NL-LeKB |e rda | ||
| 041 | |a ger | ||
| 050 | 4 | |a BT77 | |
| 072 | 7 | |a HRAX |2 bicssc | |
| 072 | 7 | |a REL |x 033000 |2 bisacsh | |
| 082 | 0 | 4 | |a 230 |2 23 |
| 100 | 1 | |a Bürkle, Joachim, |e author. | |
| 245 | 1 | 0 | |a Kommunikation an der Grenze der Konfessionen : |b Der Stuttgarter Una Sancta-Kreis 1940-1972 / |c Joachim Bürkle. |
| 246 | 3 | |a Der Stuttgarter Una Sancta-Kreis 1940-1972 | |
| 264 | 1 | |a Paderborn : |b Ferdinand Schöningh, Brill Deutschland, |c 2026. | |
| 264 | 4 | |c ©2026 | |
| 300 | |a 1 online resource (700 pages) : |b illustrations. | ||
| 336 | |a text |b txt |2 rdacontent | ||
| 337 | |a computer |b c |2 rdamedia | ||
| 338 | |a online resource |2 rdacarrier | ||
| 490 | 1 | |a Schöningh and Fink History Early Modern and Modern History E-Books Online, Collection 2026 | |
| 490 | 1 | |a Veröffentlichungen der Kommission für Zeitgeschichte, Reihe B: Forschungen ; |v 149 | |
| 504 | |a Includes bibliographical references and index. | ||
| 520 | |a Die Mitte der 1950er Jahre einsetzende Erosion des katholischen Milieus ist eng verbunden mit dem Wandel konfessioneller Identitäten und deren kommunikativer Vermittlung. In der ökumenischen Interaktion eröffnete sich ein Diskursraum, in dem das katholische Selbst- und Konfessionsverständnis neu ausgehandelt und im Umfeld des Zweiten Vatikanischen Konzils (1962-1965) dynamisiert und pluralisiert wurde. Im Zentrum der Untersuchung steht der Stuttgarter Una Sancta-Kreis, der seit den 1940er Jahren interkonfessionelle Verständigungsarbeit leistete. In Württemberg und darüber hinaus in der Bundesrepublik galt er als weithin anerkannte Stimme im ökumenischen Gespräch. Die Studie analysiert erstmals die Wege konfessioneller Annäherung, welche die katholischen Akteure um den Stuttgarter Pfarrer Hermann Breucha früh beschritten. Sie nimmt aber auch die Abgrenzungen in den Blick, die sie angesichts gesellschaftlicher und innerkirchlicher Umbrüche in den 1960er Jahren vollzogen. | ||
| 546 | |a German | ||
| 588 | |a Description based on print version record. | ||
| 650 | 0 | |a Theology and World Christianity. | |
| 776 | 0 | 8 | |i Print version: |t Kommunikation an der Grenze der Konfessionen : Der Stuttgarter Una Sancta-Kreis 1940-1972. |d Paderborn : Ferdinand Schöningh, Brill Deutschland, 2026. |z 9783506798138 |w (OCoLC)1518691623 |
| 830 | 0 | |a Schöningh and Fink History Early Modern and Modern History E-Books Online, Collection 2026. | |
| 830 | 0 | |a Veröffentlichungen der Kommission für Zeitgeschichte, Reihe B: Forschungen ; |v 149. | |
| 856 | 4 | |z DOI: |u http://dx.doi.org/10.30965/9783657798131 | |
| 999 | |c 61991 |d 61991 | ||
